Europe <a> history

Na minha lista:
Detalhes bibliográficos
Autor principal: Davies, Norman
Formato: Livro
Idioma:inglês
Publicado em: London Pimlico 1996
Colecção:PIMLICO 276
Assuntos:
Tags: Adicionar Tag
Sem tags, seja o primeiro a adicionar uma tag!

MARC

LEADER 00000nam a2200000 4500
001 c117238
005 20240229075007.9
020 |a 0-7126-6633-8 
020 |a 978-0-7126-6633-6 
041 0 |a eng 
044 |a GB 
245 1 0 |a Europe  |b <a> history  |c Norman Davies 
264 1 |a London  |b Pimlico  |c 1996 
300 |a 1365 s. 
490 1 |a PIMLICO  |v 276 
830 0 |a PIMLICO  |v 276 
610 2 0 |a dejiny 
610 2 0 |a civilizácia 
610 2 0 |a vývoj spoločenský 
610 2 0 |a história 
610 2 0 |a Európa 
100 1 |a Davies, Norman